Statistiche per Stati dell'OCSE

Clicka qui per fare il quiz!

Statistiche generali

  • Questo quiz è stato fatto 10 volte
  • Il punteggio medio è 37 su 38

Statistiche sulle risposte

Anno di adesioneStato% Corretto
1971Australia
100%
1948Austria
100%
Belgio
100%
1961Canada
100%
Danimarca
100%
Estonia
100%
1969Finlandia
100%
1964Giappone
100%
Grecia
100%
Irlanda
100%
Islanda
100%
Italia
100%
2016Lettonia
100%
2018Lituania
100%
Lussemburgo
100%
1994Messico
100%
Norvegia
100%
1973Nuova Zelanda
100%
Paesi Bassi
100%
Polonia
100%
Portogallo
100%
Regno Unito
100%
1995Repubblica Ceca
100%
2000Slovacchia
100%
Slovenia
100%
1959Spagna
100%
1961Stati Uniti
100%
Svezia
100%
Svizzera
100%
Turchia
100%
Ungheria
100%
1996Corea del Sud
88%
Francia
88%
1955Germania
88%
Israele
88%
2010Cile
75%
2020Colombia
75%
2021Costa Rica
63%

Distribuzione punteggi

Percentile per numero di risposta

Percentuale di utenti per punteggio

I tuoi punteggi nel tempo

Non hai fatto questo quiz